000 00899nam a22002537a 4500
005 20140616123612.0
010 _aENG-103917
020 _a9780230332409
_c250.00
020 _a0230332404
_c250.00
035 _aEN-87450
035 _aB-527750
037 _bDBAD / PUB
037 _bPrakashan Sansthan/Ven
_adpl
082 _a005.74
100 _aPatel, Ashok
245 _aDatabase Management System :
_cby Ashok Patel [and] Arvind Shah
_bconcept, design, architecture & SQL /
260 _aNew Delhi
_bMacmillan Publishers
_c2011
270 _a2/10, Ansari Road, Daryaganj
_bNew Delhi
_e110002
300 _axiii,263p. :
_c24cm (pbk)
_bill.
500 _aIncludes index
700 _924920
_aShah, Arvind
942 _2ddc
_cEN
_mPAT
_h005.74
999 _c57440
_d57440